Entry Personal Name
Number of records used in: 2
001 - CONTROL NUMBER
003 - CONTROL NUMBER IDENTIFIER
005 - DATE AND TIME OF LATEST TRANSACTION
- control field:
20180625103027.0
008 - FIXED-LENGTH DATA ELEMENTS
- fixed length control field:
180625|| aca||aabn | a|a d
040 ## - CATALOGING SOURCE
- Original cataloging agency:
OSt
- Transcribing agency:
OSt
100 ## - HEADING--PERSONAL NAME
- Personal name:
MURTHY AND MANIMARAN
670 ## - SOURCE DATA FOUND
- Source citation:
Work cat.: (OSt)411: MURTHY AND MANIMARAN, Resaurce Management in Real Time Systems and Networks.